书目信息 |
| 题名: |
乳制品
|
|
| 作者: | 万国余 编 | |
| 分册: | ||
| 出版信息: | 北京 化学工业出版社 1992 |
|
| 页数: | 412页 | |
| 开本: | 19cm | |
| 丛书名: | 农副产品化学加工丛书 | |
| 单 册: | ||
| 中图分类: | TS252.4 | |
| 科图分类: | ||
| 主题词: | 牛奶--乳制品--食品加工 | |
| 电子资源: | ||
| ISBN: | 7-5025-0833-3 | |
| 000 | 00849nam2 2200265 450 | |
| 001 | 0100360655 | |
| 005 | 20101125143059.0 | |
| 010 | @a7-5025-0833-3@dCNY9.40 | |
| 011 | @a7-5025-0833-3 | |
| 100 | @a20021005d1992 em y0chiy0110 ea | |
| 101 | 0 | @achi |
| 102 | @aCN@b110000 | |
| 105 | @ay z 000yy | |
| 106 | @ar | |
| 200 | 1 | @a乳制品@9Ru Zhi Pin @f万国余编@b专著 |
| 210 | @a北京@c化学工业出版社@d1992 | |
| 215 | @a412页@d19cm | |
| 225 | 2 | @a农副产品化学加工丛书@f陈骿声主编 |
| 330 | @a本书介绍了以牛乳为主要原料的20余个乳制品的生产技术,生产中的操作方法、基本理论、注意事项以及影响产品质量的原因与预防措施等级。 | |
| 410 | 0 | @12001 @a农副产品化学加工丛书 |
| 606 | 0 | @a牛奶@x乳制品@x食品加工 |
| 690 | @aTS252.4@v3 | |
| 701 | 0 | @a万国余@9wan guo yu@4编 |
| 801 | 0 | @aCN@bAiZhiMarc@c19920731 |
| 905 | @aBZT@dTS252.4@e100@f4@sTS252.4/100 | |
| 乳制品/万国余编.-北京:化学工业出版社,1992 |
| 412页;19cm.-(农副产品化学加工丛书/陈骿声主编) |
| ISBN 7-5025-0833-3:CNY9.40 |
| 本书介绍了以牛乳为主要原料的20余个乳制品的生产技术,生产中的操作方法、基本理论、注意事项以及影响产品质量的原因与预防措施等级。 |
| ● |
| 相关链接 |
|
|
|
正题名:乳制品
索取号:TS252.4/100
 
预约/预借
| 序号 | 登录号 | 条形码 | 馆藏地/架位号 | 状态 | 备注 |
| 1 | 2000139936 | 2000139936 | 旧书回溯/ [索取号:TS252.4/100] | 在馆 | |
| 2 | 2000139937 | 2000139937 | 旧书回溯/ [索取号:TS252.4/100] | 在馆 | |
| 3 | 2000139938 | 2000139938 | 旧书回溯/ [索取号:TS252.4/100] | 在馆 | |
| 4 | 2000139939 | 2000139939 | 旧书回溯/ [索取号:TS252.4/100] | 在馆 |